000 00311nam a2200109Ia 4500
008 171211s9999 xx 000 0 und d
245 4 _aThe Cambridge Companion to the 'Origin of Species'
245 _cMichael Ruse
260 _c2008
650 _xBiology
856 _uhttp://down.ebook777.com/062/052169129X.pdf
999 _c350398
_d350398